000
00297nam a2200121Ia 4500
008
240624s9999 xx 000 0 und d
041
_a
eng
082
_a
006.31 BRI
100
_a
BRINK HENRIK
245
_a
REAL WORLD MACHINE LEARNING
260
_c
2018
_a
New Delhi
_b
Dreamtech Press
365
_c
RS
999
_c
32478
_d
32478